| 000 | 01002cam a22003137a 4500 | ||
|---|---|---|---|
| 003 | CHAP | ||
| 005 | 20220329141515.0 | ||
| 008 | 971013s1986 r 00010 d | ||
| 010 | _a69256 | ||
| 011 | _a70228 | ||
| 035 | _a79709 | ||
| 040 | _cCHAP | ||
| 082 |
_a631.816 _bI5 1985 |
||
| 100 | 0 | 0 |
_aBean./Bean/. _911065 |
| 245 | 0 | _aFoliar fertilization | |
| 260 |
_aDordrecht : _bMartinus Nijhoff, _c1986 |
||
| 300 |
_a488 p. _b: gráfs. |
||
| 490 | 0 |
_aDevelopments in plant and soil sciences _v; 22 |
|
| 590 |
_aBATCH-UPD _b10 _c20130110 _lUCH01 _h0559 |
||
| 590 |
_aBATCH-UPD _b10 _c20130410 _lUCH01 _h0240 |
||
| 590 |
_aBATCH-UPD _b10 _c20130914 _lUCH01 _h0015 |
||
| 590 |
_aCONVERSION _b10 _c20130109 _lUCH01 _h1338 |
||
| 650 | 1 | 4 |
_aFertilización foliar. _940445 |
| 700 | 0 |
_aAlexander, A. _93808 |
|
| 830 | 0 |
_aDevelopments in plant and soil sciences _v; 22 _932288 |
|
| 901 | _aBK | ||
| 942 | _cLIBRO | ||
| 949 |
_a631.816 I5 1985 _bBC _cLIBRO _d33724000659074 _eLIBRO _gI.146814 _h75831 _i79709 _si _t649.19 |
||
| 999 |
_c69256 _d69256 |
||